000 00939nam a2200229 a 4500
999 _c701
_d701
005 20200104041514.0
008 140221b1998 xr ||||| |||| 00| 0 eng d
040 _aCO-BoIAVH
_cCO-BoIAVH
041 0 _aeng
082 0 4 _a333.9507
_bG72n
111 _aConvention on Biological Diversity :
_cBratislava, Slowakia ;
_d1998.
_987867
245 _aNational report of measures taken to implement the convention on biological diversity
_bpresented to the fourth conference of parties to the CBD 5-15 may 1998 Bratislava, Republic of Slovakia
260 _aPraga :
_bGovernment of Botswana ;
_c1998.
300 _a66 páginas.
_c30 x 21 cm.
504 _aincluye referencias bibliográficas.
650 _aConvenio sobre diversidad biológica
_93261
650 _aConservación de biodiversidad
_9345
650 _aPolítica ambiental
_987870
650 _aEcosistemas
_987871
650 _aMonitoreo ecológico
_97350
942 _cLIBRO
_2ddc